Methoden der organischer Chemie (Houben-Weyl) Band VI/1a Alkohole Teilband 1

Enregistré dans:
Détails bibliographiques
Autres auteurs: Müller, Eugen 1905-1976 (Éditeur intellectuel), Bayer, Otto 1913- (Éditeur intellectuel)
Format: Livre
Langue:allemand
Publié: Stuttgart G.Thieme Verlag 1979
Édition:4. völlig neu gestaltete Aufl.
Sujets:
Accès en ligne:Voir à l'OPAC
Tags: Ajouter un tag
Pas de tags, Soyez le premier à ajouter un tag!

MARC

LEADER 00000nam a2200000 a 4500
005 20260127134114.0
008 091126 1979 gw 000 0 ger d
020 |a 3132039047 
035 |a vtls010025136 
039 9 |y 200911260756  |z mschk03 
040 |a STUSCHK1  |b slo  |c STUSCHK1  |e AACR2 
080 |a 547 
245 1 |a Methoden der organischer Chemie  |b (Houben-Weyl)  |n Band VI/1a  |p Alkohole  |n Teilband 1  |c herausgegeben von Eugen Müller ...[et al.] 
250 |a 4. völlig neu gestaltete Aufl. 
260 |a Stuttgart  |b G.Thieme Verlag  |c 1979 
300 |a xxxix, 769 s.  |b il.  |c 26 cm 
650 0 |a organická chémia 
700 0 |a Müller, Eugen  |d 1905-1976  |4 edt 
700 0 |a Bayer, Otto  |d 1913-  |4 edt 
910 |a SCHK95 
919 |a 3-13-203904-7 
999 |c 4190  |d 4190